Score 0/48 Timer 04:00
0 Plays Today
Hint Answer % Correct
To clean with soap and waterWASH
86.2%
Past tense of 'sin'SINNED
82.8%
Anagram (English, Korean, Chinese surname)Lee
79.3%
Elongated fishEEL
75.9%
Like a mitten, but with fingersGLOVE
75.9%
Chunkier than soupSTEW
72.4%
Anagram (English surname)Shaw
72.4%
_______ girl & ring bearerFLOWER
72.4%
Anagram (English surname)West
69%
Flat chinaPLATE
69%
A fairy god mother can make this from rags.GOWN
69%
A star-crossed loverROMEO
65.5%
Anagram (English surname)Dennis
62.1%
Female opera singersDIVAS
62.1%
Anagram (Chinese surname)Wong
62.1%
To tilt againstLEAN
62.1%
Anagram (Gujarati surname)Patel
58.6%
Anagram (Irish, French, English surname)Lane, Neal...
58.6%
Tom Hanks, George Clooney, Will Smith...ACTORS
58.6%
Hello, _____!DOLLY
55.2%
Anagram (Welsh surname)Lloyd
55.2%
Anagram (English, Scottish surname)Davis
55.2%
Red line on the edge of the paperMARGIN
48.3%
King of the Norse GodsTHOR
48.3%
Hint Answer % Correct
Anagram (English surname)Moore
48.3%
Variant of JamesJAMIE
44.8%
Can you read music _____?NOTES
44.8%
Anagram (English surname)Stone
44.8%
Anagram (English surname)Fowler
41.4%
Anagram (German, Jewish last name)Roth
41.4%
Anagram (German, Dutch surname)Vogel
41.4%
Wayne ______MANOR
37.9%
Containers for liquid medicineVIALS
34.5%
Anagram (Hindi,Punjabi,Bengali, Tamil etc. surname)Ram
34.5%
A body partARM
34.5%
Mason Ramsey went viral after doing this in WalmartYODEL
31%
Anagram (English surname)Ingram
27.6%
Anagram (Irish surname)Doyle
27.6%
Anagram (Chinese, German, Yiddish, Swedish, etc. surname)Wang
27.6%
To chew onGNAW
27.6%
Anagram (Spanish, Portuguese surname)Castro
27.6%
Anagram (Catalan, English, Polish, French etc. surname)Roman
24.1%
Anagram (Spanish, Galician surname)Mejia
24.1%
Anagram (Portuguese, Spanish surname)Silva
24.1%
Think Kids' Choice Awards.SLIME
20.7%
Toy or model trainLIONEL
17.2%
Anagram (English surname)Miles
13.8%
Anagram (Irish surname)O'neill
13.8%
Remove Ads.
Support Sporcle.
Get the best of Sporcle when you Go Orange. This ad-free experience offers more features, more stats, and more fun while also helping to support Sporcle. Thank you for becoming a member.

You're not logged in!

Compare scores with friends on all Sporcle quizzes.
OR
Log In

Show Comments

Extras

Created Dec 19, 2018SourceReportNominate
Tags:anagrams, Surname

Top Quizzes Today


Score Distribution

Your Account Isn't Verified!

In order to create a playlist on Sporcle, you need to verify the email address you used during registration. Go to your Sporcle Settings to finish the process.

Report this User

Report this user for behavior that violates our Community Guidelines.

Details: